The second letter of Paul to the Corinthians. (Record no. 5429)

MARC details
000 -LEADER
fixed length control field 00836cam a2200265 4500
001 - CONTROL NUMBER
control field 1746278
003 - CONTROL NUMBER IDENTIFIER
control field GBCCL
005 - DATE AND TIME OF LATEST TRANSACTION
control field 20241126110541.0
008 - FIXED-LENGTH DATA ELEMENTS--GENERAL INFORMATION
fixed length control field 701130s1970 txu b 000 0 eng
010 ## -
-- 75113159
020 ## - INTERNATIONAL STANDARD BOOK NUMBER
International Standard Book Number 0834400545
040 ## - CATALOGING SOURCE
Original cataloging agency DLC
Transcribing agency DLC
Modifying agency DLC
050 00 -
-- BS2675.3
-- .T48
082 00 - DEWEY DECIMAL CLASSIFICATION NUMBER
Classification number 225.77
-- 227.3077
Item number LIV
100 1# - MAIN ENTRY--PERSONAL NAME
Personal name Thompson, James,
Dates associated with a name 1942-
9 (RLIN) 8398
245 14 - TITLE STATEMENT
Title The second letter of Paul to the Corinthians.
260 ## - PUBLICATION, DISTRIBUTION, ETC.
Place of publication, distribution, etc. Austin, Tex.,
Name of publisher, distributor, etc. R.B. Sweet Co.
Date of publication, distribution, etc. [1970]
300 ## - PHYSICAL DESCRIPTION
Extent 192 p.
Dimensions 21 cm.
440 #4 - SERIES STATEMENT/ADDED ENTRY--TITLE
Title The Living word commentary,
Volume/sequential designation 9
9 (RLIN) 9755
504 ## - BIBLIOGRAPHY, ETC. NOTE
Bibliography, etc. note Bibliography: p. 18.
630 00 - SUBJECT ADDED ENTRY--UNIFORM TITLE
Uniform title Bible.
Name of part/section of a work Corinthians, 2nd
General subdivision Commentaries.
9 (RLIN) 8488
730 02 -
-- Bible.
-- 2 Corinthians.
-- English.
-- Revised standard.
-- 1970.
-- 9748
906 ## - LOCAL DATA ELEMENT F, LDF (RLIN)
a 7
b cbc
c orignew
d 4
e ncip
f 19
g y-gencatlg
942 ## - ADDED ENTRY ELEMENTS (KOHA)
Source of classification or shelving scheme Dewey Decimal Classification
Koha item type Reference Books
Holdings
Withdrawn status Lost status Source of classification or shelving scheme Damaged status Not for loan Home library Current Library Shelving location Date acquired Total checkouts Full call number Barcode Date last seen Copy number Price effective from Koha item type
    Dewey Decimal Classification     GRACE BIBLE COLLEGE GRACE BIBLE COLLEGE Commentary 2018-03-19   225.77 LIV 006719 2025-05-01 v.9 2018-03-19 Reference Books
© Grace Bible College Library 2025